Online
Catalog

The life and voyages of Christopher Columbus / (Record no. 33205)

MARC details
000 -CABECERA
campo de control de longitud fija 00489nam a2200157 a 4500
001 - NÚMERO DE CONTROL
campo de control 000033714
005 - FECHA Y HORA DE LA ÚLTIMA TRANSACCIÓN
campo de control 20200930070449.0
008 - DATOS DE LONGITUD FIJA--INFORMACIÓN GENERAL
campo de control de longitud fija 110906s1892 xxu 000 0 eng d
040 ## - FUENTE DE LA CATALOGACIÓN
Centro catalogador/agencia de origen DO-SdBNP
Lengua de catalogación spa
Centro/agencia transcriptor BNPHU
082 ## - NÚMERO DE LA CLASIFICACIÓN DECIMAL DEWEY
Número de clasificación xxx
Número de documento/Ítem I72
100 1# - ENTRADA PRINCIPAL--NOMBRE DE PERSONA
Nombre de persona Irving, Washington,
Fechas asociadas al nombre 1783-1859.
9 (RLIN) 11986
245 13 - MENCIÓN DE TÍTULO
Título The life and voyages of Christopher Columbus /
Mención de responsabilidad, etc. Washington Irving.
260 ## - PUBLICACIÓN, DISTRIBUCIÓN, ETC.
Lugar de publicación, distribución, etc. Philadelphia :
Nombre del editor, distribuidor, etc. David McKay,
Fecha de publicación, distribución, etc. 1892.
300 ## - DESCRIPCIÓN FÍSICA
Extensión v. ;
Dimensiones 19 cm.
500 ## - NOTA GENERAL
Nota general La biblioteca posee el volumen 1
Holdings
Estado de retiro Estado de pérdida Restricciones de uso No para préstamo Código de colección Localización permanente Ubicación/localización actual Ubicación en estantería Fecha de adquisición Número de inventario Total de préstamos Signatura topográfica completa Código de barras Fecha visto por última vez Precio válido a partir de Tipo de ítem Koha
      Excluido de préstamo Raros y valiosos General General Depósito 06.09.2011 LF1   v. 1 33714-10 25.06.2020 25.06.2020 No se presta

Powered by Koha